| 000 | 00848nam a2200121Ia 4500 | ||
|---|---|---|---|
| 008 | 220620s9999||||xx |||||||||||||| ||und|| | ||
| 245 | 0 | _aSame-Sex Families and Legal Recognition in Europe | |
| 546 | _aEnglish[eng] | ||
| 650 | _aSociology of Family, Youth and Aging||Private International Law, International & Foreign Law, Comparative Law||Demography||Gender Studies||Quality of Life Research||Homosexuality||Family law||Equal rights||Homoparentality/same-sex families||Same-sex marriage||Open access||Sociology: family & relationships||International law||Comparative law||Population & demography||Gender studies, gender groups||Personal & public health||Public health & preventive medicine | ||
| 700 | _aDigoix, Marie | ||
| 856 | _uhttps://library.oapen.org/bitstream/20.500.12657/37726/1/2020_Book_Same-SexFamiliesAndLegalRecogn.pdf | ||
| 942 | _cEB | ||
| 999 |
_c31712 _d31712 |
||